Hokkaido Air System Destinations - Statistics

General Stats
  • This quiz has been taken 53 times
  • The average score is 5 of 7
Answer Stats
Answer % Correct
Sapporo Okadama
95%
Hakodate
89%
Asahikawa
74%
Kushiro
68%
Rishiri
55%
Obihiro
53%
Okushiri
37%
No matching quizzes found
Score Distribution
Percent of People with Each Score
Percentile by Number Answered
Your Score History
You have not taken this quiz